Almanaque pedagógico afrobrasileiro (Record no. 186031)

MARC details
000 -LÍDER
campo de controle de tamanho fixo 00410 a2200157 4500
001 - NÚMERO DE CONTROLE
campo de controle 186031
020 ## - ISBN - INTERNATIONAL STANDARD BOOK NUMBER
ISBN - International Standard Book Number 85-7160-292-1
040 ## - FONTE DA CATALOGAÇÃO
Instituição que transcreveu o registro Magnum
100 ## - ENTRADA PRINCIPAL--NOME PESSOAL
Nome pessoal Rocha, Rosa Margarida de Carvalho
240 10 - TÍTULO UNIFORME
Título uniforme Almanaque pedagógico afrobrasileiro
Idioma da obra por
245 10 - TÍTULO
Título Almanaque pedagógico afrobrasileiro
300 ## - DESCRIÇÃO FÍSICA
Extensão 167
440 #1 - DECLARAÇÃO DE SÉRIE/ENTRADA ADICIONADA--TÍTULO
Título Scipione
697 ## - ENTRADA DE ASSUNTO LOCAL--ENTIDADE COLETIVA (RLIN)
Nome corporativo ou nome da jurisdição EDUCAÇÃO EM GERAL E DISCIPLINAS AFINS
942 ## - ELEMENTOS DE ENTRADA ADICIONADOS (KOHA)
Tipo de material Koha Livros
Holdings
Situação do descarte Situação das perdas Situação física Não pode ser emprestado Biblioteca de origem Biblioteca atual Data de aquisição Total de empréstimos Número de chamada completo Código de barras Data de último acesso Data do preço efetivo Tipo de material Koha
        Magnum Magnum 08/06/2024   370.5 MAG00051840 08/06/2024 08/06/2024 Livros
        Magnum Magnum 08/06/2024   370.5 MAG00051841 08/06/2024 08/06/2024 Livros
        Magnum Magnum 08/06/2024   370.5 MAG00051842 08/06/2024 08/06/2024 Livros
        Magnum Magnum 08/06/2024   370.5 MAG00051843 08/06/2024 08/06/2024 Livros
        Magnum Magnum 08/06/2024   370.5 MAG00051844 08/06/2024 08/06/2024 Livros